00481nam a2200181Ia 450000500170000000800410001704000190005804100120007708200170008910000170010624500460012325000270016926000280019630000170022450400320024165000150027385000110028820240415153139.0131103s9999 xx 000 0 und d aLoreto College aEnglish a370.15 bALL aAllsopp,A.H. 4aThe Essentials of PsychologycA.H.Allsopp a for student teachers  aLondonbJ.M.Dent c1954 aviii,211 p.  aIncludes appendix and index aPsychology aLCBED